台湾高铁站点 Taiwan High Speed Rail Stations - Statistics

General Stats
  • This quiz has been taken 52 times
  • The average score is 8 of 12
Answer Stats
站名 里程/km % Correct
台北 5.904
100%
台中 165.733
83%
台南 313.86
83%
桃园 42.285
79%
新竹 72.179
77%
彰化 193.886
68%
苗栗 104.865
64%
云林 218.48
62%
嘉义 251.585
62%
左营 345.188
60%
南港 N3.298
57%
板桥 13.12
49%
No matching quizzes found
Score Distribution
Percent of People with Each Score
Percentile by Number Answered
Your Score History
You have not taken this quiz